The Kennedy recession : A complete study of the causes of our stagnating economy and our loss of world-wide prestige
Guardado en:
| Autor principal: | |
|---|---|
| Formato: | Libro |
| Lenguaje: | Undetermined |
| Publicado: |
Derby
Monarch Books
1963
|
| Materias: | |
| Etiquetas: |
Agregar Etiqueta
Sin Etiquetas, Sea el primero en etiquetar este registro!
|
| Thư viện lưu trữ: | Trung tâm Học liệu Trường Đại học Cần Thơ |
|---|
| LEADER | 00600nam a2200193Ia 4500 | ||
|---|---|---|---|
| 001 | CTU_82159 | ||
| 008 | 210402s9999 xx 000 0 und d | ||
| 082 | |a 330.973 | ||
| 082 | |b R934 | ||
| 100 | |a Rukeyser, Merryle Stanley | ||
| 245 | 4 | |a The Kennedy recession : | |
| 245 | 2 | |b A complete study of the causes of our stagnating economy and our loss of world-wide prestige | |
| 245 | 0 | |c Merryle Stanley Rukeyser | |
| 260 | |a Derby | ||
| 260 | |b Monarch Books | ||
| 260 | |c 1963 | ||
| 650 | |a Economic conditions | ||
| 904 | |i Trọng Hải | ||
| 980 | |a Trung tâm Học liệu Trường Đại học Cần Thơ | ||